[Event "Salou op U2300 3rd"]
[Site "Salou"]
[Date "2018.05.01"]
[Round "7"]
[White "Rodriguez Collado, Alex"]
[Black "Saldana Portella, Eric"]
[Result "1-0"]
[WhiteElo "1062"]
[BlackElo "1352"]
[PlyCount "83"]
[EventDate "2018.04.28"]
[EventType "swiss"]
[EventRounds "7"]
[EventCountry "ESP"]
[SourceTitle "CBM 184 Extra"]
[Source "ChessBase"]
[SourceDate "2018.06.28"]
[SourceVersion "1"]
[SourceVersionDate "2018.06.28"]
[SourceQuality "1"]

1. e4 e5 2. Nf3 Nc6 3. Bb5 d6 4. 0-0 Bd7 5. c3 Nf6 6. d3 Be7 7. Re1 0-0 8. Nbd2 Bg4 9. Nf1 Nh5 10. h3 Bxf3 11. Qxf3 Nf6 12. Ng3 a6 13. Ba4 b5 14. Bb3 Na5 15. Bc2 d5 16. exd5 Qxd5 17. Qxd5 Nxd5 18. Rxe5 Rfd8 19. Nf5 Nc6 20. Bb3 Nxe5 21. Bxd5 Kf8 22. Nxe7 Kxe7 23. Bxa8 Rxa8 24. Bg5+ f6 25. Re1 fxg5 26. Rxe5+ Kf6 27. Rc5 Rd8 28. Rc6+ Rd6 29. Rxd6+ cxd6 30. Kf1 Ke5 31. Ke2 d5 32. Ke3 a5 33. g3 b4 34. d4+ Kd6 35. Kd3 bxc3 36. bxc3 h5 37. c4 dxc4+ 38. Kxc4 Kc6 39. d5+ Kd6 40. Kd4 h4 41. gxh4 gxh4 42. f4 1-0

[Event "Salou op U2300 3rd"]
[Site "Salou"]
[Date "2018.04.30"]
[Round "5"]
[White "Martinez Garcia, Adria"]
[Black "Saldana Portella, Eric"]
[Result "0-1"]
[WhiteElo "1522"]
[BlackElo "1352"]
[PlyCount "71"]
[EventDate "2018.04.28"]
[EventType "swiss"]
[EventRounds "7"]
[EventCountry "ESP"]
[SourceTitle "CBM 184 Extra"]
[Source "ChessBase"]
[SourceDate "2018.06.28"]
[SourceVersion "1"]
[SourceVersionDate "2018.06.28"]
[SourceQuality "1"]

1. e4 e5 2. Nf3 Nc6 3. Bc4 Bc5 4. c3 Nf6 5. d3 0-0 6. 0-0 d6 7. h3 Be6 8. Bb3 Bxb3 9. axb3 Re8 10. Re1 h6 11. Be3 Bxe3 12. fxe3 d5 13. exd5 Nxd5 14. g3 e4 15. dxe4 Rxe4 16. Qd3 Re6 17. Nbd2 Ne5 18. Nxe5 Rxe5 19. Ra5 c6 20. Nf1 Qxa5 21. Nd2 Rae8 22. Nc4 Qc5 23. Nxe5 Rxe5 24. Kf2 Qb5 25. c4 Qc5 26. cxd5 Rxd5 27. Qb1 Rd2+ 28. Kf1 Qb5+ 29. Kg1 Qxb3 30. Qe4 Qxb2 31. h4 Qc2 32. Qf3 a5 33. Rf1 f6 34. e4 Re2 35. g4 Qxe4 36. Qg3 0-1

[Event "Salou op U2300 3rd"]
[Site "Salou"]
[Date "2018.04.28"]
[Round "2"]
[White "Saldana Portella, Eric"]
[Black "Aymat Satue, Joan"]
[Result "0-1"]
[WhiteElo "1352"]
[BlackElo "1612"]
[PlyCount "72"]
[EventDate "2018.04.28"]
[EventType "swiss"]
[EventRounds "7"]
[EventCountry "ESP"]
[SourceTitle "CBM 184 Extra"]
[Source "ChessBase"]
[SourceDate "2018.06.28"]
[SourceVersion "1"]
[SourceVersionDate "2018.06.28"]
[SourceQuality "1"]

1. e4 Nf6 2. Nc3 d5 3. exd5 Nxd5 4. Nxd5 Qxd5 5. Nf3 Bg4 6. h3 Bxf3 7. Qxf3 Qxf3 8. gxf3 e5 9. c3 Bc5 10. b4 Bb6 11. a4 a5 12. bxa5 Bxa5 13. Rg1 0-0 14. h4 Nd7 15. h5 g6 16. Ba3 Rfe8 17. Bh3 Nf6 18. Bg4 e4 19. Kd1 Rad8 20. Bb4 Bb6 21. Rg2 e3 22. Ra2 exf2 23. Rxf2 Bxf2 24. h6 Nxg4 25. fxg4 Bh4 26. Rb2 Re4 27. Ba3 b6 28. Bb4 Rxg4 29. a5 Bg5 30. axb6 cxb6 31. Ba3 Ra4 32. Rb3 Rxd2+ 33. Ke1 Re4+ 34. Kf1 Re6 35. Rb2 Rxb2 36. Bxb2 Bxh6 0-1